000 00261nam a22001217a 4500
041 _aENG
100 _aSlanley J
245 _aPost Hanest Physiology & Panishable paanl Prodacts
260 _aPune
_bCBS
_c1999
300 _a532
650 _aAPE
856 _uAPE
999 _c500
_d500